00526pab a2200157 454500008004000000100001800040245016300058260000900221300001700230362000800247650001700255650002100272700002000293700002200313773003300335180718b2014 xxu||||| |||| 00| 0 eng d aMcVeigh, Rory aPolitical polarization as a social movement outcomes: 1960s Klan activism and its enduring impact on political realignment in southern counties, 1960 to 2000  c2014 ap.1144-1171. aDec aEthnic group aSocial movements aFarrell, Justin aCunningham, David aAmerican Sociological Review